Epistemology and metaphysics for qualitative research / (Record no. 2484)

MARC details
000 -LEADER
fixed length control field 02186cam a22004697i 4500
001 - CONTROL NUMBER
control field 18909651
005 - DATE AND TIME OF LATEST TRANSACTION
control field 20251219085542.0
008 - FIXED-LENGTH DATA ELEMENTS--GENERAL INFORMATION
fixed length control field 151218t20162016caua b 001 0 eng d
010 ## - LIBRARY OF CONGRESS CONTROL NUMBER
LC control number 2015960280
020 ## - INTERNATIONAL STANDARD BOOK NUMBER
International Standard Book Number 1446282384
Qualifying information (hbk.)
020 ## - INTERNATIONAL STANDARD BOOK NUMBER
International Standard Book Number 9781446282380
Qualifying information (hbk.)
020 ## - INTERNATIONAL STANDARD BOOK NUMBER
International Standard Book Number 1446282392
Qualifying information (pbk.)
020 ## - INTERNATIONAL STANDARD BOOK NUMBER
International Standard Book Number 9781446282397
Qualifying information (pbk.)
035 ## - SYSTEM CONTROL NUMBER
System control number 18909651
035 ## - SYSTEM CONTROL NUMBER
System control number (OCoLC)936143556
040 ## - CATALOGING SOURCE
Original cataloging agency YDXCP
Language of cataloging eng
Transcribing agency YDXCP
Description conventions rda
Modifying agency KMU
042 ## - AUTHENTICATION CODE
Authentication code lccopycat
050 00 - LIBRARY OF CONGRESS CALL NUMBER
Classification number H62
100 1# - MAIN ENTRY--PERSONAL NAME
Personal name Pernecky, Tomas,
Relator term author.
245 10 - TITLE STATEMENT
Title Epistemology and metaphysics for qualitative research /
Statement of responsibility, etc. Tomas Pernecky.
264 #1 - PRODUCTION, PUBLICATION, DISTRIBUTION, MANUFACTURE, AND COPYRIGHT NOTICE
Place of production, publication, distribution, manufacture Los Angeles :
Name of producer, publisher, distributor, manufacturer Sage Publications,
Date of production, publication, distribution, manufacture, or copyright notice 2016.
264 #4 - PRODUCTION, PUBLICATION, DISTRIBUTION, MANUFACTURE, AND COPYRIGHT NOTICE
Date of production, publication, distribution, manufacture, or copyright notice ©2016
300 ## - PHYSICAL DESCRIPTION
Extent viii, 236 pages :
Other physical details illustrations ;
Dimensions 25 cm
336 ## - CONTENT TYPE
Content type term text
Content type code txt
Source rdacontent
337 ## - MEDIA TYPE
Media type term unmediated
Media type code n
Source rdamedia
338 ## - CARRIER TYPE
Carrier type term volume
Carrier type code nc
Source rdacarrier
504 ## - BIBLIOGRAPHY, ETC. NOTE
Bibliography, etc. note Includes bibliographical references (pages 209-229) and index.
505 0# - FORMATTED CONTENTS NOTE
Formatted contents note Part I: Qualitative Inquiry and Philosophy -- Introduction: Situating Metaphysics and Epistemology in Qualitative Research -- Part II: Key Epistemological and Metaphysical Problems -- In Search of Truths: Epiricism Versus Rationalism -- Scepticism, Idea-ism, and Idealism -- German Idealism, Phenomenology, and Hermeneutics -- Realism, its Varieties and Contenders -- Part III: Intangible Realities -- Social Ontology -- Quantum Reality: Contemporary Views of the Things-in-Themselves -- Part IV: Philosophy in Qulitative Research -- Conclusions: On Academic Creativity and Philosophical and Methodological Freedom.
650 #0 - SUBJECT ADDED ENTRY--TOPICAL TERM
Topical term or geographic name entry element Qualitative research.
650 #0 - SUBJECT ADDED ENTRY--TOPICAL TERM
Topical term or geographic name entry element Knowledge, Theory of.
650 #0 - SUBJECT ADDED ENTRY--TOPICAL TERM
Topical term or geographic name entry element Metaphysics.
650 #7 - SUBJECT ADDED ENTRY--TOPICAL TERM
Topical term or geographic name entry element Knowledge, Theory of.
Source of heading or term fast
Authority record control number or standard number (OCoLC)fst00988194
650 #7 - SUBJECT ADDED ENTRY--TOPICAL TERM
Topical term or geographic name entry element Metaphysics.
Source of heading or term fast
Authority record control number or standard number (OCoLC)fst01018304
650 #7 - SUBJECT ADDED ENTRY--TOPICAL TERM
Topical term or geographic name entry element Qualitative research.
Source of heading or term fast
Authority record control number or standard number (OCoLC)fst01084940
650 #7 - SUBJECT ADDED ENTRY--TOPICAL TERM
Topical term or geographic name entry element Empirische Sozialforschung
Source of heading or term gnd
650 #7 - SUBJECT ADDED ENTRY--TOPICAL TERM
Topical term or geographic name entry element Erkenntnistheorie
Source of heading or term gnd
650 #7 - SUBJECT ADDED ENTRY--TOPICAL TERM
Topical term or geographic name entry element Metaphysik
Source of heading or term gnd
650 #7 - SUBJECT ADDED ENTRY--TOPICAL TERM
Topical term or geographic name entry element Qualitative Sozialforschung
Source of heading or term gnd
906 ## - LOCAL DATA ELEMENT F, LDF (RLIN)
a 7
b cbc
c copycat
d 2
e epcn
f 20
g y-gencatlg
942 ## - ADDED ENTRY ELEMENTS (KOHA)
Source of classification or shelving scheme Library of Congress Classification
Koha item type Non-Fiction
Suppress in OPAC No
Holdings
Withdrawn status Lost status Source of classification or shelving scheme Damaged status Not for loan Collection Home library Current library Shelving location Date acquired Source of acquisition Total Checkouts Full call number Barcode Date last seen Price effective from Koha item type
    Library of Congress Classification     Non-fiction Kapasa Makasa University Kapasa Makasa University Open Access 19.12.2025 ZLS   H 62 Per 301292 19.12.2025 19.12.2025 Non-Fiction